000 00369 a2200169 4500
001 160517
020 _a85-7311-372-3
040 _cMagnum
100 _aBelinky, Tatiana
240 1 0 _aA cesta de dona Maricota
_lpor
245 1 0 _aA cesta de dona Maricota
300 _a24
362 0 _a1992
440 1 _aPaulinas
697 _aLITERATURA INFANTIL
942 _cBK
999 _c160517
_d160517